000 00315nam a2200133Ia 4500
001 2624
008 241024s9999 xx 000 0 und d
082 _aRD/370.97293/ID19c
100 _aIDEICE
245 0 _aCarpeta Informativa
260 _bSanto Domingo
_c2008
901 _a29/11/2012 10:43:29 a.m.
999 _c9154
_d9154